Geography Quiz #1 - Statistics

General Stats
  • This quiz has been taken 34 times
  • The average score is 33 of 41
Answer Stats
Hint Answer % Correct
Which 2 countries are completely surrounded by Italy? San Marino
97%
Vatican City
97%
English
94%
Which Turkish city could be considered as the Eurasian border? Istanbul
94%
Which country is surrounded by South Africa? Lesotho
94%
What are the capitals of the countries in the above? London
94%
What is the most populous city in the USA? New York City
94%
Serbia
94%
Name the six countries which made up the former Yugoslavia Slovenia
94%
Belarus
90%
Bosnia and Herzegovina
90%
Which country's French name is Cote D'ivoire Ivory Coast
90%
Ukraine
90%
Which country left the European Union on January 31st 2020? United Kingdom
90%
Montenegro
87%
Which country changed its name in June 2018? North Macedonia
87%
Croatia
84%
Estonia
84%
Georgia
84%
Kazakhstan
84%
Latvia
84%
What are the 3 most spoken languages in the world? Mandarin
84%
Tajikistan
84%
Lithuania
81%
Moldova
81%
Which African country was the biggest until its division in 2011? Sudan
81%
Armenia
77%
Honshu
77%
Name the 15 countries which made up the former USSR Russia
77%
Kyrgyzstan
74%
Macedonia
74%
Turkmenistan
74%
Uzbekistan
74%
What are Japan's two main islands known as? Hokkaido
71%
Azerbaijan
68%
Edinburgh
68%
Belfast
65%
Cardiff
65%
Hindi
55%
Which city would you find the Shibuya crossing? Tokyo
45%
What was England's first city? Colchester
3%
No matching quizzes found
Score Distribution
Percent of People with Each Score
Percentile by Number Answered
Your Score History
You have not taken this quiz